MDQL
is popping MORE tags! Check the
thread
!
Quizzes
Events
Quiz Creation
Community
Videos
Private Events
Remove Ads
Sign In
Join for FREE
Feedback
Dark Mode
Quiz Categories
Sports
Geography
Music
Movies
Television
Just For Fun
Miscellaneous
History
Literature
Language
Science
Gaming
Entertainment
Religion
Holiday
For Kids
Quiz Lab
Recent
Popular Today
Quiz Kudos Today
Editor Picks
Curator Picks
Quizzes by...
Day
Popularity
Type
Ratings
Length
Year
Community
Subscriptions
Recent Discussions
Orange Saloon
Badges
Playlists
Quests
Create
Leaderboards
Showdown
Live 5
Trivia Bingo
Activity
Puzzle Library
Sporcle Events
Private Events
Virtual Trivia
Globe League
Become a Host
Pub Owners
SporcleCon
Opinionation
Our Games
Videos
Blog
Mobile Apps
Partnerships
Remove Ads and Go Orange
Feedback
Literature
Harry Potter
A Song of Ice and Fire
The Hunger Games
Literary Character
Shakespeare
Book
Author
Novel
Poem
Young Adult
Children's Books
Play
Lord of the Rings
Literature
Harry Potter
A Song of Ice and Fire
The Hunger Games
Literary Character
Shakespeare
Book
Author
Novel
Poem
Young Adult
Children's Books
Play
Lord of the Rings
Random Quiz
Search Sporcle
×
Quiz Lab
Quiz Lab
Literature
Young Adult
Type in answers that appear in a list
Type in answers that appear in a list
Classic
Best Score? Go Orange.
The Outsiders Review Stats
Do you know The Outsiders?
By
caylatheunicorn
10m
25 Questions
650 Plays
650 Plays
650 Plays
Comments
Comments
Give Quiz Kudos
Give Quiz Kudos
-
- Ratings
hide this ad
Replay
Link that replays current quiz
Next Quiz
Link to next quiz in quiz playlist
You Got
0%
They Got
Avg Score
26%
Avg Friend Score
Upgrade to see
Score Distribution
Jump to the score distribution portion of the page
Score
0/25
Timer
10:00
0
Plays Today
Hint
Answer
% Correct
Youngest Curtis Brother?
Ponyboy
96.9%
Oldest Curtis Brother?
Darry
96.6%
What sport did Ponyboy do?
Track
55.8%
What book did Johnny and Ponyboy read that then got burnt in the church?
Gone With The Wind
54.5%
Where did the story take place?
Tulsa, Oklahoma
52.8%
What was the name of Sodapop's horse?
Mickey Mouse
51.8%
When did the story take place?
The 1960s
46.6%
Where did Johnny and Ponyboy go after Johnny killed Bob?
Windrixville
45.8%
Who gave Johnny and Ponyboy the directions and money to go to Windrixville?
Dally
29.2%
What did Cherry say could be seen from both side of town?
The sunset
22.3%
What was Dally known to have?
Reputation with the police
16.8%
How did Dally choose to die?
Suicide by Cops
14.2%
Why did Johnny kill Bob?
He was drowning Ponyboy in the fountain.
10%
Hint
Answer
% Correct
Where does Sodapop work?
At a gas station
9.4%
What does Ponyboy use to threaten socs?
A broken glass bottle
9.1%
What previous events in Johnny's life made him shy and quiet?
Getting abused by his parents
7.5%
Why does Ponyboy have to write the essay for English class?
He is failing the class
7.2%
When Ponyboy fought in the rumble, how did he get a concusion?
From being kicked in the head.
6%
What did Two-
Bit give Johnny one day in the hospital?
His 10 inch switch-blade.
5.8%
What did Johnny and Ponyboy think was the cause of the church catching fire?
Their cigarettes that weren't properly put out
5.7%
Who is Randy and why does he pull Ponyboy aside to talk?
Randy is a soc and was friends with Bob. He pulls ponyboy over to tell him how he won't be in the upcoming rumble.
4.3%
What were Socs classified as?
Rich, snobby kids, with nothing better to do than jump greasers.
4.2%
What were greasers classified as?
Poor, uneducated teens, who shop-lift and get in trouble with the police.
4.2%
Ponyboy thought the socs had it easy. What did Cherry say to that?
She said that socs have problems too and just being rich doesn't solve all problems.
3.7%
How did Johnny die?
From a roof beam falling on him while saving kids at the chuch.
3.5%
Quiz Playlist
Details
Report
Send in Message
Add To Playlist
Classic:
Type in answers that appear in a list
Last Updated: Apr 19, 2017
Quiz Scoreboard
CHALLENGE
Sign Up to Join the Scoreboard
Show All
Scores
Hide
Comments
May contain spoilers
Recently Published
1-10 Letter E Words III
by El_Dandy
Language
2m
Street Fighter Characters
by Artimus82
Gaming
60s
College Basketball Coaching Resumes
by pancakes188
Sports
9m
More to Explore
Quiz From the Vault
Featured Blog Post
Where Did the Easter Bunny Come From?
hide this ad
You Might Also Like...
Tags
Young Adult Quiz
The Outsiders
Today's Top Quizzes in Literature
Browse Literature
hide this ad
Today's Top Quizzes in Young Adult
Browse Young Adult
Top Contributed Quizzes in Literature
1
Sneaky Slytherin Logic Puzzle
2
Get The Picture: Black or White Literature
3
5-to-1: Plays
4
A Court of Thorns and Roses (ACoTaR) Logic Puzzle
5
One Thing in Common: Literature
6
One Thing in Common: Literature II
7
One Thing in Common: Books
8
One Thing in Common: Literature 3
9
'Middle' Earth
10
Harry Potter Neighbourly Logic Puzzle #1
Explore More
Trending Topics
Marvel
NBA
Kpop
Harry Potter
Crossword
Anime
Disney
The Office
Pokémon
Song
Country
Puzzle
Soccer
WWE
NFL
hide this ad
More By:
caylatheunicorn
Quiz
Plays
Rating
Category
Featured
Created
The Outsiders Review
650
1.00
Literature
Sep 30, 2013
Go to Creator's Profile
Score Distribution
Quiz Creator Spotlight
caylatheunicorn
Follow
Send a Message
Quizzes Created
-
Created Quiz Play Count
-
More By This Creator
Popular Quizzes Today
1
Find the US States - No Outlines Minefield
2
Find the Countries of Europe - No Outlines Minefield
3
The Countries of the World
4
Find the US States
5
Risky Map Clicking: Biggest States A-Z
6
US States
7
Popular People in 1961
8
Movies - When Are They Set?
More Literature Quizzes
Playwrights
Published
Trending Quizzes
Risky Map Clicking: Least Populous States A-Z
Billboard Blitz: Aretha Franklin
Famous Russians: Author or Composer?
1-10 Letter G Words
Countries of the World: 200 Million BC
Recently Updated
Leaping Animals
pecheneg
Reality TV Shows (A-Z)
bhenderson79
Rickey Henderson's Hall of Fame Teammates
pecheneg
Champions League XIs: Arsenal
pecheneg
Quick Pick: Celebrities in WWE's Hall of Fame
aduchscher
A-Z Keypad Blitz II
pecheneg
Multiple Oscar Actors
pecheneg
Mystery Phrase Blitz: Oscar 'Best Actors'
pecheneg
F. Scott Fitzgerald Novels
LTH
Pick 3 Villains
ddd62291
Trending Topics
Disney
NBA
Harry Potter
Anime
Kpop
Crossword
Marvel
Country
Puzzle
NFL
The Office
WWE
Song
Pokémon
Soccer
Your Account Isn't Verified!
In order to create a playlist on Sporcle, you need to verify the email address you used during registration. Go to your
Sporcle Settings
to finish the process.
Report this User
Report this user for behavior that violates our
Community Guidelines
.
Details:
Send Report
Go to the Sporcle.com Mobile Site →
Comments